| Tag |
First Indicator |
Second Indicator |
Subfields |
| LEADER |
00000cam a2200000La 4500 |
| 001 |
in00001757621 |
| 005 |
20220105110420.0 |
| 006 |
m u |
| 007 |
cr cn--------- |
| 008 |
011015s2000 txuab sb s001 0 eng d |
| 020 |
|
|
|a 0585384754 (electronic bk.)
|
| 035 |
|
|
|a (OCoLC)ocm49414687
|
| 040 |
|
|
|a N$T
|c N$T
|d OCLCQ
|d UtOrBLW
|
| 043 |
|
|
|a n-us---
|a e------
|a e-un---
|
| 049 |
|
|
|a IICA
|
| 050 |
1 |
4 |
|a UB413
|b .M68 2000eb
|
| 082 |
0 |
4 |
|a 355/.00973/09034
|2 21
|
| 100 |
1 |
|
|a Moten, Matthew,
|d 1960-
|0 http://id.loc.gov/authorities/names/n99260512
|
| 245 |
1 |
4 |
|a The Delafield Commission and the American military profession /
|c Matthew Moten.
|
| 250 |
|
|
|a 1st ed.
|
| 264 |
|
1 |
|a College Station :
|b Texas A & M University Press,
|c [2000]
|
| 264 |
|
4 |
|c ©2000
|
| 300 |
|
|
|a xvii, 267 pages :
|b illustrations, map ;
|c 25 cm.
|
| 336 |
|
|
|a text
|b txt
|2 rdacontent
|
| 337 |
|
|
|a computer
|b c
|2 rdamedia
|
| 338 |
|
|
|a online resource
|b cr
|2 rdacarrier
|
| 490 |
1 |
|
|a Texas A & M University military history series
|
| 500 |
|
|
|a Series statement from jacket.
|
| 504 |
|
|
|a Includes bibliographical references (pages [241]-248) and index.
|
| 533 |
|
|
|a Electronic reproduction.
|b Boulder, Colo. :
|c NetLibrary,
|d 2001.
|n Available via World Wide Web.
|n Access may be limited to NetLibrary affiliated libraries.
|
| 500 |
|
|
|a Electronic resource.
|
| 610 |
1 |
0 |
|a United States.
|b Army
|x Officers
|x History
|y 19th century.
|
| 610 |
1 |
0 |
|a United States.
|b Military Commission to Europe.
|0 http://id.loc.gov/authorities/names/n90641129
|
| 650 |
|
0 |
|a Crimean War, 1853-1856.
|0 http://id.loc.gov/authorities/subjects/sh85034020
|
| 650 |
|
0 |
|a Armies
|z Europe
|x History
|y 19th century.
|0 http://id.loc.gov/authorities/subjects/sh2009115598
|
| 655 |
|
7 |
|a Electronic books.
|2 local
|
| 710 |
2 |
|
|a NetLibrary, Inc.
|0 http://id.loc.gov/authorities/names/no99080690
|
| 776 |
1 |
|
|c Original
|z 0890969256
|w (DLC) 99053768
|w (OCoLC)42812865
|
| 830 |
|
0 |
|a Texas A & M University military history series.
|0 http://id.loc.gov/authorities/names/n86722312
|
| 856 |
4 |
1 |
|u https://proxy.library.tamu.edu/login?url=http://www.netLibrary.com/urlapi.asp?action=summary&v=1&bookid=52171
|z Connect to the full text of this electronic book
|t 0
|
| 994 |
|
|
|a X0
|b IIC
|
| 999 |
|
|
|a MARS
|
| 999 |
f |
f |
|s 72a2a601-5265-344e-a88f-2a1ecdb5940e
|i d7d0e7b6-a1d2-30a5-ba56-23ee30e9a8d9
|t 0
|
| 952 |
f |
f |
|a Texas A&M University
|b College Station
|c Electronic Resources
|d Available Online
|t 0
|e UB413 .M68 2000eb
|h Library of Congress classification
|
| 998 |
f |
f |
|a UB413 .M68 2000eb
|t 0
|l Available Online
|